000 00847nam a22002057a 4500
999 _c370792
_d370792
008 201130b ||||| |||| 00| 0 eng d
040 _bger
_cDE-2950
_erda
_aDE-2950
041 _ager
100 _aGutke, Thomas:
245 _aBodenaustausch besorgt Anwohner.
_bUmwelt: Seit Mai lässt die Netzgesellschaft ein belastetes Grundstück in der Ebertusstraße sanieren, derzeit ruhen die Bagger. Nachbarn fragen sich: gehen vom Erdreich Gefahren aus? /
_cThomas Gutke
264 _c2021
653 _aFrankfurt (Oder)
653 _aEbertusstraße / Sanierung
653 _aEhemaliges Gasometer
773 _dFrankfurt (Oder): Märkisches Verlags- und Druckhaus GmbH & Co KG
_g32. Jahrgang (2021) Nr. 212 vom 11./12.09.2021, S. 17
_tMärkische Oderzeitung
942 _cA